| 000 | 00934nam a22002297a 4500 | ||
|---|---|---|---|
| 005 | 20170818110715.0 | ||
| 010 | _a1617EN | ||
| 020 |
_a9788179918685 _c895.00 |
||
| 035 | _aB-648335-362 | ||
| 035 | _aB-664743 | ||
| 037 |
_adpl _bStar |
||
| 082 | _a641.563 | ||
| 100 | _aKapoor, Sanjeev | ||
| 245 |
_a100 mouthwatering recipes / _cby Sanjeev Kapoor |
||
| 250 | _a5th ed | ||
| 260 |
_aMumbai _bPopular Prakashan _c2016 |
||
| 270 |
_a301, Mahalaxmi Chambers, 22, Bhulabhai Desai Road, _bMumbai _e400026 |
||
| 300 |
_a160p. _c25cm(pbk) |
||
| 942 |
_2ddc _cEN _mKAP _h641.563 |
||
| 999 |
_c102509 _d102509 |
||